00414nam a2200157Ia 4500008004100000020001800041050001400059245003300073245003100106260002600137260003500163260000900198300001400207300002500221300001000246180207s9999 xx 000 0 und d a9788184850529 bP424 2009 aPepper watches too much TV : bteaching children values / aManila, Philippines : bWS Pacific Publications, Inc., c2009 aunpaged : bcolor illustration ; c28cm.